01141nab a22002297a 4500999001500000003000400015005001700019008004100036040000700077100003500084245010900119300001300228505033300241505007200574650002800646650001900674650003300693650002800726700003500754773010900789942001300898 c5879d5879OSt20260109021317.0190514b xxu||||| |||| 00| 0 spa d cPJ 96302aFernández, Ángela G.10aDerecho alimentario, medida excepcional y proceso excluyente /cÁngela G. Fernández, Esteban Caride. ap. 65-76 aSumario: I. Introducción.— II. Definiciones, situaciones y datos estadísticos.— III. Obligados a pagar alimentos.— IV. Pautas a considerar en la determinación de la cuota.— V. Vigencia temporal de la cuota.— VI. Algunas propuestas para agilizar la percepción y uso de la cuota.— VII. Consideraciones finales. tSi te interesa el texto, comunicate a koha@justierradelfuego.gov.ar 09967aDERECHO DE FAMILIA 09968aALIMENTOS 091074aOBLIGACION ALIMENTARIA 094099aCUOTA ALIMENTARIA 96303aCaride, Estebanecoautor0 0284493222dBuenos Aires : AbeledoPerrot, 1989-tDerecho de familia. N° 121 - Septiembre 2025z18511201 2udccANA